LEADER 01026nam0 22002651i 450 001 RML0252063 005 20231121125710.0 010 $a8813164904 100 $a20121121d1988 ||||0itac50 ba 101 | $aita 102 $ait 181 1$6z01$ai $bxxxe 182 1$6z01$an 200 1 $a˜L'œidea del principe e le origini del potere politico nella rus'kieviana$ericerche sulla povest'vremennyc 210 $aPadova $cCedam $d1988 606 $aStoria Del Diritto$2FIR$3RMLC380151$9I 700 1$aManiscalco$b, Basile Giovanni$3RMLV163498$0231682 801 3$aIT$bIT-01$c20121121 850 $aIT-FR0098 899 $aBiblioteca Area Giuridico Economica$bFR0098 912 $aRML0252063 950 0$aBiblioteca Area Giuridico Economica$d 53DSG 07/0342$e 53VM 0000229465 VM barcode:GIU0004448. - Inventario:3188VM$fA $h20010423$i20121204 977 $a 53 996 $aIdea del principe e le origini del potere politico nella rus'kieviana$93621842 997 $aUNICAS